Pueblos de Sevilla que empiezan por E - Estadísticas

Estadísticas generales
  • Esta prueba ha sido intentada 304 veces
  • La puntuación promedio es 4 de 15
Estadísticas de respuestas
Respuesta % Correcto
Estepa
70%
Écija
57%
Espartinas
49%
El Cuervo
30%
El Garrobo
27%
El Viso del Alcor
27%
El Coronil
26%
El Pedroso
25%
El Rubio
24%
El Ronquillo
22%
El Madroño
21%
El Saucejo
21%
El Castillo de las Guardas
19%
El Real de la Jara
13%
El Palmar de Troya
12%
No se encontraron pruebas coincidentes
Distribución de puntuación
Porcentaje de gente con cada puntuación
Porcentaje por número respondido
Historial de tus puntuaciones
No has intentado esta prueba.